| 000 | 00329nam a22001337a 4500 | ||
|---|---|---|---|
| 020 | _a9788120320390 | ||
| 082 |
_a624.1834 _bVAR/LI |
||
| 100 |
_aVarghese,P.C _9469 |
||
| 245 | _aLlimit State Design of Reinforced Concrete | ||
| 250 | _a2 nd | ||
| 260 |
_aDelhi _bPHI Learning Private Limited _c2013 |
||
| 300 | _a545 | ||
| 942 | _cBK | ||
| 999 |
_c14454 _d14454 |
||